<?xml version="1.0" encoding="UTF-8"?>
<collection xmlns="http://www.loc.gov/MARC21/slim">
 <record>
  <leader>01429nam a2200217Ia 4500</leader>
  <controlfield tag="001">TDMU_19574</controlfield>
  <controlfield tag="008">210410s9999    xx            000 0 und d</controlfield>
  <datafield tag="082" ind1=" " ind2=" ">
   <subfield code="a">393.3089</subfield>
  </datafield>
  <datafield tag="090" ind1=" " ind2=" ">
   <subfield code="b">L120</subfield>
  </datafield>
  <datafield tag="100" ind1=" " ind2=" ">
   <subfield code="a">Lâm, Tô Lộc</subfield>
  </datafield>
  <datafield tag="245" ind1=" " ind2="0">
   <subfield code="a">Múa dân gian các dân tộc Việt Nam</subfield>
  </datafield>
  <datafield tag="245" ind1=" " ind2="0">
   <subfield code="c">Lâm Tô Lộc</subfield>
  </datafield>
  <datafield tag="260" ind1=" " ind2=" ">
   <subfield code="a">H.</subfield>
  </datafield>
  <datafield tag="260" ind1=" " ind2=" ">
   <subfield code="b">Thời Đại</subfield>
  </datafield>
  <datafield tag="260" ind1=" " ind2=" ">
   <subfield code="c">2013</subfield>
  </datafield>
  <datafield tag="300" ind1=" " ind2=" ">
   <subfield code="a">155 tr.</subfield>
  </datafield>
  <datafield tag="520" ind1=" " ind2=" ">
   <subfield code="a">TM tài liệu tham khảo tr. 151 - 152; Một số vấn đề lý luận về múa dân gian Việt Nam; giới thiệu các điệu múa dân gian các dân tộc Việt Nam: xòe vòng, múa khăn, múa nhạc, múa sạp, múa nón ở dân tộc Thái; múa then, múa sư tử ở dân tộc Tày; múa chuông, múa đao, múa lao động sản xuất, múa bắt ba ba, múa đi ngựa ở dân tộc Dao... </subfield>
  </datafield>
  <datafield tag="650" ind1=" " ind2=" ">
   <subfield code="a">Văn hóa dân gian</subfield>
   <subfield code="x">Múa</subfield>
   <subfield code="x">Dân tộc thiểu số</subfield>
   <subfield code="z">Việt Nam; Múa dân gian</subfield>
   <subfield code="x">Dân tộc thiểu số</subfield>
   <subfield code="z">Việt Nam; Dân tộc thiểu số</subfield>
   <subfield code="x">Văn hóa</subfield>
   <subfield code="x">Múa dân gian; Nghệ thuật</subfield>
   <subfield code="x">Múa dân gian</subfield>
   <subfield code="x">Dân tộc thiểu số</subfield>
   <subfield code="z">Việt Nam</subfield>
  </datafield>
  <datafield tag="700" ind1=" " ind2=" ">
   <subfield code="a">Hội Văn nghệ dân gian Việt Nam</subfield>
  </datafield>
  <datafield tag="856" ind1=" " ind2=" ">
   <subfield code="u">http://lrc.tdmu.edu.vn/opac/search/detail.asp?aID=2&amp;ID=19574</subfield>
  </datafield>
  <datafield tag="980" ind1=" " ind2=" ">
   <subfield code="a">Trung tâm Học liệu Trường Đại học Thủ Dầu Một</subfield>
  </datafield>
 </record>
</collection>
